000 00458nam a2200169Ia 4500
999 _c859
_d859
003 OSt
005 20210827123115.0
008 190216s9999||||xx |||||||||||||| ||und||
040 _coclc
082 _a892.71
_bHAM/M
100 _aHamud, Muhamed
_98717
245 0 _aMahamood Darveesh /
_cMuhamed Hamud
260 _bDarul Filkr Labanan,
_c2008.
300 _a232p
650 _aArabic
942 _cBK
_2ddc
_h892.71
_iHAM/M
_k892.71
_mHAM/M